| 000 | 01007cam a22002531i 4500 | ||
|---|---|---|---|
| 003 | SA-RiAUC | ||
| 005 | 20250101065830.0 | ||
| 008 | 241225s1988 sy g 000 p ara c | ||
| 040 |
_aSA-JeALM _bara _cSA-RiAUC _erda |
||
| 082 | 0 | 4 | _a811.5 |
| 090 |
_a811.5 _b ا ب ن ف |
||
| 100 | 1 |
_aابن الفارض، عمر بن علي بن مرشد، _d576-632 هجري _eمؤلف. |
|
| 245 | 1 | 0 |
_aديوان ابن الفارض / _cتأليف شرف الدين أبي حفص عمر الشهير بابن الفارض. |
| 264 | 1 |
_aحلب، سوريا : _bدار القلم العربي، _c[بين 1900 و1999] |
|
| 300 |
_a821 صفحة ؛ _c24 سم |
||
| 336 |
_aنص _btxt _2rdacontent _3كتاب |
||
| 337 |
_aبدون وسيط _bn _2rdamedia |
||
| 338 |
_aمجلد _bnc _2rdacarrier |
||
| 590 | _aخلفان. | ||
| 650 | 7 |
_aالشعر العربي _yالعصر العباسي الثاني _2aucsh |
|
| 942 |
_2ddc _cBOOK _n0 |
||
| 949 |
_aSA-JeALM _d241225 _umohamedma123 _n1 |
||
| 999 |
_c4237 _d4237 |
||